[Event "3rd Sharjah Masters 2019"]
[Site "Sharjah"]
[Date "2019.03.29"]
[Round "8.5"]
[White "Fedoseev, Vladimir"]
[Black "Chanda, Sandipan"]
[Result "1-0"]
[WhiteElo "2715"]
[BlackElo "2534"]
[Annotator "TA"]
[PlyCount "91"]
[EventDate "2019.03.22"]
[EventType "swiss"]
[EventCountry "UAE"]
[SourceTitle "playchess.com"]
[Source "ChessBase"]
[SourceQuality "1"]

{[%evp 19,91,19,12,18,18,13,14,9,13,20,22,22,28,0,0,0,0,-28,-21,-25,-17,-95,-63,-155,-143,-132,-127,-111,-133,-152,-151,-133,-117,-127,-149,-121,0,-129,-88,-65,0,0,0,0,0,-71,0,0,19,19,19,21,20,0,0,0,52,47,61,60,88,87,88,81,95,95,293,256,332,332,332,325,314,285]} 1. e4 c5 2. Nf3 d6 3. d4 cxd4 4. Nxd4 Nf6 5. Nc3 a6 6. Be2 e6 7. f4 Be7 8. Be3 O-O 9. g4 d5 {B84: Sicilian Scheveningen: 6 Be2 a6, lines without early Be3} (9... Nc6 10. g5 Nd7 11. Rg1 Re8 12. h4 Nxd4 13. Qxd4 b5 14. a3 Rb8 15. h5 Bf8 16. O-O-O Qa5 17. g6 fxg6 18. hxg6 {0-1 (36) So,W (2765)-Grandelius,N (2682) Caleta 2019}) 10. e5 Nfd7 {LiveBook: 3 Games} 11. g5 Nc6 {The position is equal.} 12. h4 Nxd4 13. Bxd4 b5 14. a3 b4 $146 ({Predecessor:} 14... Bb7) 15. axb4 Bxb4 16. Kf2 a5 17. h5 Ba6 18. Bg4 Bc5 19. Kg3 Rb8 $36 {[%mdl 2048] Black has good play.} 20. g6 (20. h6 $11 g6 21. Bf3) 20... Rb4 $1 $17 (20... Rxb2 21. Nxd5 Rb5 22. c4 $16) (20... hxg6 $2 21. hxg6 Be7 22. gxf7+ Rxf7 23. Bxe6 $18) 21. Bg1 (21. gxf7+ $1 $15 Kxf7 22. Bg1 Bxg1 23. Bxe6+ $1 {[%mdl 576] Decoy} Kxe6 24. Qxd5+ {[%mdl 64] Double Attack} Ke7 25. Qd6+ {[%mdl 64] Double Attack} Kf7 26. Qd5+ Ke7 27. Qd6+ {[%mdl 64] Double Attack} Kf7 28. Qd5+ Ke8 29. Qe6+ {[%mdl 64] Double Attack} Qe7 30. Qxe7+ Kxe7 31. Nd5+ {[%mdl 64] Double Attack} Ke6 32. Nc7+ Ke7 33. Nd5+ Ke6 34. Nc7+ Ke7 35. Nd5+) 21... Bxg1 (21... hxg6 $2 22. hxg6 Nxe5 23. Bxc5 $18) 22. Qxg1 {[#]} Nxe5 $1 {[%mdl 512]} 23. fxe5 Qg5 {[%mdl 64] Double Attack} 24. Kh3 Kh8 25. Qg3 fxg6 26. Bd1 Qf5+ 27. Bg4 Qg5 (27... Qf7 $1 $17 28. hxg6 Qxg6 29. Rxa5 Rxg4 $1 {[%mdl 512]} 30. Qxg4 Qh6+ 31. Qh4 Qe3+ {[%mdl 64] Double Attack} 32. Qg3 Rf3 33. Qxf3 Qxf3+ 34. Kh2 Qf2+ 35. Kh3 Qf3+ 36. Kh2 Qf2+ 37. Kh3 Bf1+ 38. Rxf1 Qxf1+ 39. Kh2 Qf2+ 40. Kh1 h5) 28. Rag1 (28. Be2 $11 Qf5+ 29. Bg4 Rxg4 30. Qxg4 Qxc2 31. hxg6 (31. Rxa5 $2 Qd3+ 32. Kh4 gxh5 $19 {[%mdl 64] Decoy})) 28... Rff4 29. Qh4 {[#]} (29. Be2 $2 Qf5+ 30. Kg2 Bxe2 $19) 29... Qxh4+ ({Black should try} 29... Rf3+ $1 $15 {[%mdl 512]} 30. Rg3 (30. Bxf3 Rxh4#) 30... Bf1+ 31. Rxf1 Qxh4+ 32. Kxh4 Rxf1 33. hxg6 Rh1+ 34. Rh3 Re1) 30. Kxh4 $11 gxh5 31. Kxh5 d4 32. Na2 {[#]} (32. Nd1 $11) 32... Rxb2 (32... Rb5 $1 $17 {[%cal Rb5e5]} 33. Kh4 Rxe5) 33. Rb1 Rxb1 34. Rxb1 {Rb8+ would kill now.} h6 $1 {And now ...Kh7 would win.} 35. Rb6 {[%mdl 64] Double Attack} ({Don't blunder} 35. Bxe6 $2 Kh7 $19) 35... Bc4 {...Kh7 is the strong threat.} 36. Nc1 Kh7 37. Kh4 $1 Re4 (37... Rf2 $11 38. Bxe6 Bxe6 39. Rxe6 Rxc2) 38. Nd3 $1 $14 a4 39. Rb4 $1 {[%csl LRa4,LRc4]} Bxd3 40. cxd3 Rxe5 41. Rxa4 {KRB-KR} Kg6 42. Bf3 h5 $2 (42... Re3 $16 43. Be4+ Kf6 44. Rxd4 Re1) 43. Rxd4 {White has a decisive advantage.} Kh6 {[#]} 44. Be4 $1 g6 45. Rd7 Ra5 46. Rf7 {Accuracy: White = 59%, Black = 76%.} 1-0

[Event "3rd Sharjah Masters 2019"]
[Site "Sharjah"]
[Date "2019.03.29"]
[Round "8.6"]
[White "Nguyen, Anh Khoi"]
[Black "Le, Quang Liem"]
[Result "1-0"]
[WhiteElo "2484"]
[BlackElo "2715"]
[Annotator "TA"]
[PlyCount "89"]
[EventDate "2019.03.22"]
[EventType "swiss"]
[EventCountry "UAE"]
[SourceTitle "playchess.com"]
[Source "ChessBase"]
[SourceQuality "1"]

{[%evp 19,89,19,13,20,48,0,18,10,17,18,24,29,30,22,27,8,16,21,17,17,17,11,10,10,10,12,17,6,0,0,16,0,0,0,0,-60,-12,-66,-56,-222,-208,-216,-160,-236,-220,-256,-178,-324,-322,-300,-184,-139,0,-51,152,138,146,160,180,175,248,181,839,839,826,774,2663,2360,1693,795,29986,29987]} 1. d4 Nf6 2. c4 e6 3. g3 c5 4. d5 exd5 5. cxd5 d6 6. Nc3 g6 7. Bg2 Bg7 8. Nf3 O-O 9. O-O Re8 10. Bf4 Na6 11. Re1 {A62: Modern Benoni: Fianchetto Variation without early ...Nbd7} Bg4 12. h3 Bxf3 13. Bxf3 {The position is equal.} Nd7 14. Bg2 Ne5 15. Ne4 Nc7 16. Rc1 (16. g4 f5 17. gxf5 gxf5 18. Bg5 Qd7 {½-½ (66) Wojtaszek,R (2737)-Zhigalko,S (2638) Heraklio 2017}) 16... a5 $146 ({Predecessor:} 16... b5 17. a4 Rb8 18. axb5 Nxb5 {½-½ (35) Zawadski,A (2202)-Jenkins,R (2224) ICCF email 2016}) 17. g4 b5 18. Bg5 f6 19. Bh4 a4 20. b3 axb3 21. axb3 Ra3 22. e3 Nf7 23. Qc2 b4 24. f4 Qe7 25. Rcd1 Nb5 26. Qc4 Rb8 27. Rd2 (27. Qc2 $11) 27... Kh8 (27... Nc3 $5) 28. Bf1 (28. Rc2 $11) 28... Nc3 29. Ng3 $2 (29. Bg2 $15) 29... Qe8 $19 30. Nh1 Rba8 31. Bf2 (31. Rc2 $17) 31... Nd8 32. e4 Nf7 33. g5 (33. Ng3 $142) 33... fxg5 34. e5 gxf4 (34... dxe5 35. Bxc5 gxf4 36. Qxb4 $17) 35. exd6 Qd8 (35... Qd7 $17 {And now ...Ne5 would win.} 36. Qxf4 Rf8) 36. Qxf4 $15 Nxd6 $2 (36... Kg8 $1 $15 {stays ahead.} 37. Rc2 (37. Bxc5 $2 Bh6 $19) (37. Re7 Qf8 $15) 37... Qxd6 38. Qxd6 Nxd6 39. Bxc5 Nce4 40. Bxb4 Bd4+ 41. Kh2 Rxb3 42. Bxd6 Nxd6) 37. Bxc5 $16 Nf5 {[#]} 38. d6 $1 {[%cal Rd6d7] Black must now prevent d7.} Qd7 {next ...Ra1 is good for Black.} 39. Ng3 Nxg3 (39... Ra1 $142 40. Rxa1 Rxa1 41. Nxf5 (41. Qxb4 h5 $17) 41... gxf5) 40. Qxg3 $18 Rxb3 $2 (40... Ra1) 41. Qg4 Qxg4+ 42. hxg4 Bf6 43. d7 {White threatens Re8+ and mate.} Kg7 {[#]} 44. g5 $1 {[%mdl 512]} Bxg5 45. Bd4+ {Accuracy: White = 50%, Black = 43%.} 1-0

[Event "3rd Sharjah Masters 2019"]
[Site "Sharjah"]
[Date "2019.03.29"]
[Round "8.7"]
[White "Sargissian, Gabriel"]
[Black "Abdusattorov, Nodirbek"]
[Result "1/2-1/2"]
[WhiteElo "2689"]
[BlackElo "2560"]
[Annotator "TA"]
[PlyCount "135"]
[EventDate "2019.03.22"]
[EventType "swiss"]
[EventCountry "UAE"]
[SourceTitle "playchess.com"]
[Source "ChessBase"]
[SourceQuality "1"]

{[%evp 21,135,10,11,0,14,14,10,0,0,0,0,0,19,20,17,6,30,24,19,16,19,0,0,0,0,0,0,0,0,0,0,0,13,13,13,0,0,0,0,0,0,0,0,0,0,0,0,-9,-9,-9,-12,-8,-11,-41,0,0,0,0,0,0,0,0,0,0,0,0,0,0,0,0,0,0,0,0,0,0,0,0,0,0,0,0,0,0,0,0,0,0,0,0,0,0,0,0,0,0,0,0,0,0,0,0,0,0,0,0,0,0,0,0,0,0,0,0,0,0]} 1. d4 Nf6 2. Nf3 e6 3. c4 b6 4. g3 Bb7 5. Bg2 Be7 6. O-O O-O 7. Nc3 Ne4 8. Bd2 Bf6 9. Rc1 Nxd2 10. Qxd2 d6 11. d5 e5 12. h4 {E18: Queen's Indian: Old Main Line (4 g3 Bb7 5 Bg2 Be7 6 0-0 0-0 7 Nc3)} (12. e4 Nd7 13. h4 a5 14. Bh3 Nc5 15. Kg2 Bc8 16. Rh1 Bxh3+ 17. Rxh3 Qd7 18. Nh2 h5 19. f3 g6 {1-0 (48) So,W (2808)-Rapport,R (2702) Wijk aan Zee 2017}) 12... a5 13. Bh3 Na6 14. e4 Bc8 15. Bxc8 Qxc8 16. Kg2 {[#]} Be7 $146 ({Predecessor:} 16... Qd7 17. b3 Nc5 18. Qe2 g6 19. h5 Qg4 {½-½ (29) Berkes,F (2669)-Zhao,J (2578) Doha 2014}) 17. Nh2 Nc5 18. Qc2 f5 19. exf5 Rxf5 20. Ne4 Qd7 21. Rce1 Nxe4 22. Rxe4 Raf8 23. b3 h5 24. Qe2 Bd8 25. Re3 Qf7 26. Rf3 Rxf3 27. Nxf3 Qg6 28. Kh2 (28. Rh1 {keeps more tension.} Qg4 29. Re1 Qg6 30. Qd2 Rf4 31. Qe3) 28... Qg4 29. Ng1 Qxe2 30. Nxe2 $11 {[%mdl 4096] Endgame KRB-KRN} Rf3 31. Kg2 Rd3 32. Rc1 $1 Rd2 33. Nc3 Rb2 34. Re1 Rc2 35. Re3 g5 36. hxg5 Bxg5 37. Rd3 (37. Rf3 {seems wilder.} a4 38. Nb5 e4 39. Rf5 Be3 40. bxa4 Bc5 41. Kf1) 37... Bd8 (37... a4 $5 38. bxa4 Kf7 $11) 38. a4 {The position is equal.} Kg7 39. Ne4 Rb2 40. Kf1 Kg6 41. Rf3 Be7 42. Ke1 h4 43. gxh4 Bxh4 44. Kd1 Be7 45. Re3 Bh4 46. Rf3 Kg7 47. Kc1 Ra2 48. Kb1 Re2 49. Re3 Rxe3 50. fxe3 {KB-KN} Kg6 {[#] Threatens to win with ...Kf5.} 51. Nc3 Kf5 {And now ...Be1 would win.} 52. Kc2 Be1 53. Nb5 Ke4 54. Kd1 $1 {[%cal Rd1e1]} Bf2 55. Ke2 Bxe3 56. Nxc7 Bc5 57. Nb5 Bb4 58. Nc7 Bc5 59. Nb5 Kf4 60. Nc7 e4 61. Nb5 $1 Ke5 62. Nc7 Bg1 (62... Kd4 $5 63. Nb5+ $8 Ke5 $11) 63. Nb5 Bh2 64. Ke3 Bf4+ 65. Ke2 Bh6 66. Kf2 Bf4 67. Ke2 Bh6 68. Kf2 {Accuracy: White = 80%, Black = 76%.} 1/2-1/2

[Event "3rd Sharjah Masters 2019"]
[Site "Sharjah"]
[Date "2019.03.29"]
[Round "8.8"]
[White "Megaranto, Susanto"]
[Black "Sjugirov, Sanan"]
[Result "1/2-1/2"]
[WhiteElo "2526"]
[BlackElo "2667"]
[Annotator "TA"]
[PlyCount "72"]
[EventDate "2019.03.22"]
[EventType "swiss"]
[EventCountry "UAE"]
[SourceTitle "playchess.com"]
[Source "ChessBase"]
[SourceQuality "1"]

{[%evp 20,72,0,-1,0,-19,2,-15,-15,-59,-51,-41,-56,-69,-75,-75,-68,-58,-64,-100,-48,-80,-18,-12,-10,-41,-3,-5,-1,-17,-14,-59,-59,-59,-59,-59,-59,-59,-59,-59,-59,-59,-59,-59,-59,-59,-67,-108,-108,-108,-108,-108,-108,-108,-104]} 1. d4 Nf6 2. Nf3 g6 3. c4 Bg7 4. Nc3 d5 5. Bg5 dxc4 6. e3 Be6 7. Ne5 c5 {D91: Grünfeld: 4 Nf3 Bg7 5 Bg5} 8. Bxc4 Bxc4 9. Nxc4 cxd4 10. exd4 O-O 11. O-O {LiveBook: 3 Games} h6 12. Bh4 Nd5 $146 ({Predecessor:} 12... e6 13. Ne3 Nc6 14. d5 exd5 15. Nexd5 {0-1 (42) Laverton,C (2133)-Andersen,M (2586) Helsingor 2017}) 13. Qb3 Nc6 14. Qxb7 Ndb4 $1 15. Bg3 {[#] aiming for d5!} Qxd4 16. a3 $1 Qxc4 17. axb4 Nxb4 18. Qxe7 a5 19. Na4 {[#] Black must now prevent Nb6.} Rfe8 (19... Nc2 $17 20. Nb6 Qc6 21. Nxa8 Nxa1) 20. Qc7 $15 Qxc7 ({Black should try} 20... Qb5 $17) 21. Bxc7 $11 Nd5 22. Bd6 Re2 23. Rfd1 Nb4 24. Kf1 Rc2 25. Rac1 Rxc1 $1 26. Rxc1 Nd3 27. Rb1 Rc8 $1 28. Ke2 Nxb2 29. Nxb2 {And now Na4 would win.} Rc2+ 30. Kd3 Rxb2 31. Rxb2 Bxb2 $15 {KB-KB} 32. Kc4 Kg7 33. Kb3 Bd4 {Black is better.} 34. Bc7 Bxf2 35. Bxa5 Kf6 36. Kc4 Ke6 {Precision: White = 64%, Black = 67%.} 1/2-1/2

[Event "3rd Sharjah Masters 2019"]
[Site "Sharjah"]
[Date "2019.03.29"]
[Round "8.9"]
[White "Mareco, Sandro"]
[Black "Kuybokarov, Temur"]
[Result "1-0"]
[WhiteElo "2666"]
[BlackElo "2519"]
[Annotator "TA"]
[PlyCount "91"]
[EventDate "2019.03.22"]
[EventType "swiss"]
[EventCountry "UAE"]
[SourceTitle "playchess.com"]
[Source "ChessBase"]
[SourceQuality "1"]

{[%evp 9,91,0,10,-5,4,17,18,22,25,16,37,12,45,4,69,0,-2,-19,-28,-2,-8,-12,-6,-30,-29,-29,-30,-29,-9,-25,0,0,0,-6,8,-27,-25,-27,-26,-30,-23,-34,-28,-38,-38,-35,-21,-19,-20,-12,-6,-13,-13,-20,0,-4,0,-6,-11,-7,-6,-12,0,-24,0,-37,90,-5,0,-37,-34,-37,224,224,647,381,616,381,1179,663,29991,552,796,780]} 1. c4 e5 2. g3 c6 3. Nf3 e4 4. Nd4 d5 5. d3 Bc5 6. Nb3 {A20: English Opening: 1...e5} e3 $146 ({Predecessor:} 6... Bb4+ 7. Bd2 Bxd2+ 8. Qxd2 dxc4 9. dxc4 Qxd2+ 10. N1xd2 f5 11. c5 Nf6 12. e3 g6 13. Nc4 Ke7 14. Nd6 Nbd7 15. Rc1 b6 16. Be2 {½-½ (16) Salem,A (2633)-Hammer,J (2621) Moscow 2017}) 7. fxe3 Bb6 8. cxd5 {The position is equal.} cxd5 9. Nc3 Nf6 10. Bg2 Nc6 11. Bd2 a5 ({Black should play} 11... h5 $11) 12. Nd4 (12. O-O $14) 12... O-O $11 13. O-O Nxd4 14. exd4 Bxd4+ 15. Kh1 Be6 16. Bg5 (16. Qa4 {is more complex.} Qb6 17. Qb3 Rac8 18. Bg5 Ng4 19. h3) 16... h6 17. Bxf6 Bxf6 18. d4 Rc8 19. e3 Bg5 20. Qf3 Qe7 21. Rae1 Rfd8 22. e4 dxe4 23. Rxe4 Rc4 24. d5 Rxe4 25. Qxe4 Bd7 26. Qf3 Bf6 27. Qf2 Be8 28. Qb6 Rd6 29. Qc5 {And now Ne4 would win.} Ra6 30. Qc4 Rb6 31. b3 Qd8 32. Ne4 Be5 {...Bb5 is the strong threat.} 33. Rc1 Bd7 34. Nc5 Bf5 35. Re1 Qc7 36. Qf1 Rf6 37. Qb5 Bc3 (37... Bd6 $15 38. Ne4 (38. Nxb7 $2 Bd7 $19) 38... Bxe4 39. Qe8+ (39. Bxe4 g6 $11) 39... Bf8 40. Bxe4 Rf2) 38. Rc1 (38. Re8+ $16 Kh7 39. Qc4 (39. Nxb7 Bb4 $17)) 38... Bd2 39. Rd1 Bb4 40. Ne4 Rb6 $2 {[%mdl 8192] [#]} (40... Bxe4 $15 {keeps the upper hand.} 41. Bxe4 Qe5) 41. d6 $1 $18 {[%mdl 64] Discovered Attack} Qc2 $2 (41... Rxb5 42. dxc7 Kh7) 42. Qe8+ Kh7 43. Rf1 Qc8 $2 (43... Bg6 44. d7 Re6) 44. Qxf7 Be6 {[#]} 45. Nf6+ (45. Ng5+ $142 $1 {[%mdl 512]} Kh8 (45... hxg5 46. Be4+) 46. Nxe6 Qg8 47. d7 Qxf7 48. d8=Q+ {[%mdl 64] Double Attack} Qg8 49. Qxb6 Qe8 50. Bxb7) 45... Kh8 46. d7 {Accuracy: White = 40%, Black = 43%.} 1-0

[Event "3rd Sharjah Masters 2019"]
[Site "Sharjah"]
[Date "2019.03.29"]
[Round "8.10"]
[White "Deepan, Chakkravarthy J."]
[Black "Ganguly, Surya Shekhar"]
[Result "1/2-1/2"]
[WhiteElo "2534"]
[BlackElo "2633"]
[Annotator "TA"]
[PlyCount "48"]
[EventDate "2019.03.22"]
[EventType "swiss"]
[EventCountry "UAE"]
[SourceTitle "playchess.com"]
[Source "ChessBase"]
[SourceQuality "1"]

{[%evp 26,48,14,16,16,16,16,16,16,19,48,49,59,41,60,53,45,23,27,13,55,45,46,30,80]} 1. c4 Nf6 2. g3 g6 3. Bg2 Bg7 4. Nf3 O-O 5. O-O d6 6. Nc3 e5 7. d3 Nc6 8. Rb1 a5 9. a3 Re8 10. b4 e4 11. dxe4 axb4 12. axb4 Nxe4 13. Nxe4 Rxe4 14. b5 {LiveBook: 8 Games} Na5 {A26: English Opening vs King's Indian with ...Nc6 and d3} (14... Nd4 15. Nxd4 Rxd4 16. Qb3 Be6 17. Bxb7 Bxc4 18. Qe3 Ra4 19. Bb2 Bxb5 20. Bxd4 Bxd4 21. Qf3 Qe8 22. Rxb5 Qxb5 {1-0 (77) Oparin,G (2613)-Ganguly,S (2638) chess.com INT 2019}) 15. Nd2 Re8 16. Bb2 Bf5 {The position is equal.} 17. e4 Bxb2 $146 ({Predecessor:} 17... Be6 18. Bxg7 Kxg7 19. Qe2 Qf6 20. Kh1 Qd4 21. Rbc1 Rab8 22. Rfd1 {1-0 (22) Souza Filho,N (2130)-Lahud,T Vitoria 1999}) 18. exf5 Bg7 19. fxg6 hxg6 20. h4 Qf6 21. Ne4 Qf5 22. Qc2 c6 {next ...d5 is good for Black.} 23. bxc6 bxc6 24. Rbc1 Rad8 1/2-1/2

[Event "3rd Sharjah Masters 2019"]
[Site "Sharjah"]
[Date "2019.03.29"]
[Round "8.11"]
[White "Sindarov, Javokhir"]
[Black "Zubov, Alexander"]
[Result "1-0"]
[WhiteElo "2505"]
[BlackElo "2605"]
[Annotator "TA"]
[PlyCount "65"]
[EventDate "2019.03.22"]
[EventType "swiss"]
[EventCountry "UAE"]
[SourceTitle "playchess.com"]
[Source "ChessBase"]
[SourceQuality "1"]

{[%evp 21,65,-7,3,-31,-19,-25,-17,-34,-20,-15,-2,0,29,29,45,44,62,52,61,77,77,58,56,74,106,45,250,231,447,467,468,341,323,329,806,748,700,664,2257,81,1367,1364,1303,1311,1193,1172]} 1. e4 c5 2. Nf3 d6 3. d4 Nf6 4. Nc3 cxd4 5. Nxd4 a6 6. h3 e6 7. g4 Nfd7 {B81: Sicilian Scheveningen: Keres Attack} (7... Be7 8. g5 Nfd7 9. Be3 b5 10. a3 Bb7 11. h4 Nc6 12. Rg1 Nc5 13. f3 O-O 14. h5 d5 15. exd5 exd5 16. Nxc6 Bxc6 {1-0 (67) Wang,H (2730)-Yilmaz,M (2636) St Petersburg 2018}) 8. Bg2 Be7 9. Be3 Nc6 10. Qe2 O-O 11. O-O-O Nxd4 {LiveBook: 36 Games} 12. Bxd4 b5 13. e5 d5 $1 14. f4 Bb7 15. Qe3 Rc8 16. Kb1 Bc5 $146 17. Ne2 Qe7 18. Rhe1 Rfe8 19. h4 b4 ({But not} 19... Qxh4 20. Bf3 $11) 20. h5 a5 21. Bxc5 Qxc5 22. Nd4 Ba6 23. g5 ({White should try} 23. f5 $16) 23... g6 $2 (23... a4 $1 $14) 24. f5 $18 gxf5 $2 {[#]} (24... exf5 25. hxg6 hxg6) 25. g6 $1 {[%mdl 512]} fxg6 26. hxg6 hxg6 27. Rh1 {Threatening mate with Qh6.} Nf8 $2 (27... Qc7) 28. Qh6 {White wants to mate with Qh8+.} Kf7 29. Qh8 {Intending Qf6+ and mate.} Ke7 {Black wants to play ...Kd7.} 30. Qg7+ Kd8 {[#]} 31. Nxe6+ $1 {[%mdl 512] White is clearly winning.} Nxe6 (31... Rxe6 32. Rxd5+) 32. Rxd5+ Qxd5 33. Qf6+ {Precision: White = 96%, Black = 37%.} 1-0

[Event "3rd Sharjah Masters 2019"]
[Site "Sharjah"]
[Date "2019.03.29"]
[Round "8.12"]
[White "Vishnu, Prasanna. V"]
[Black "Gupta, Abhijeet"]
[Result "1-0"]
[WhiteElo "2524"]
[BlackElo "2602"]
[Annotator "TA"]
[PlyCount "123"]
[EventDate "2019.03.22"]
[EventType "swiss"]
[EventCountry "UAE"]
[SourceTitle "playchess.com"]
[Source "ChessBase"]
[SourceQuality "1"]

{[%evp 15,123,10,1,-22,-4,-20,-12,-11,-6,-3,15,-6,-9,-16,-8,-8,-7,-11,-8,-19,-22,-13,-14,-32,0,0,0,0,0,0,0,0,0,0,0,0,0,-12,0,-31,-32,-32,-27,-17,-18,-35,-8,-26,-26,-26,-33,-29,-10,-34,0,0,40,30,31,31,31,17,36,0,31,31,27,27,27,37,22,44,48,48,48,48,51,56,63,51,72,82,224,215,250,228,211,170,397,400,479,467,466,445,456,370,353,379,548,548,12847,6917,29966,29967,29985,29985,29985,29986,29979,819]} 1. e4 {Bellmann} c5 2. Nc3 d6 3. d4 cxd4 4. Qxd4 Nc6 5. Bb5 Bd7 (5... Nf6 6. Bg5 Nd7 7. Qd2 a6 8. Be2 h6 9. Be3 e6 10. a4 b6 11. Nf3 {0-1 (61) Zvjaginsev,V (2642)-Fedoseev,V (2719) St Petersburg 2018}) 6. Qd3 {B23: Closed Sicilian: Lines without g3} g6 7. Bg5 Bg7 8. Nf3 Nf6 {[%cal Bg8f6,Bf6d7,Bd7c5,Bc5d3][%mdl 32] LiveBook: 8 Games} 9. a3 O-O 10. O-O Rc8 11. Rad1 $146 ({Predecessor:} 11. Nd5 Nxd5 12. exd5 Ne5 13. Nxe5 Bf5 14. Qf3 Bxe5 {0-1 (62) Rosenheim,K (2166)-Bellmann,H (2158) GER corr 1998 Corr 2002 [Bellmann]}) 11... h6 12. Bc1 Bg4 13. Qe3 Nd7 14. Be2 Qb6 (14... h5 {is interesting.} 15. h3 Bxf3 16. Bxf3 Re8 17. Be2 Na5) 15. Nd5 Qxe3 16. Nxe3 Be6 17. c3 Nc5 18. Nd2 $1 Ne5 19. Nd5 Bxd5 (19... Rfe8 {with more complications.} 20. f4 Ned7 21. Rfe1 a6 22. g3 Bh3) 20. exd5 Ned3 21. Bxd3 Nxd3 22. Nb3 Ne5 23. Rfe1 Rc7 24. h3 Rb8 25. Re4 Kf8 26. Kf1 Nc4 27. Rde1 (27. Nd2 {is more complex.} b5 28. g4 Nb6 29. Nb3 Nc4 30. Nd2) 27... b5 28. Nd4 Bxd4 29. Rxd4 Kg7 30. Ke2 Rbb7 31. Kd3 a5 32. Kc2 f6 33. Red1 Rb8 34. Re4 h5 35. b3 Ne5 36. f4 $1 {[%cal Rf4e5]} Nf7 37. Be3 Nh6 38. Bf2 Kf7 39. Rd3 Nf5 40. a4 Rcb7 {Strongly threatening ...bxa4.} 41. axb5 Rxb5 42. c4 R5b7 43. Be1 Ra8 44. Kb2 h4 45. Ka3 Rg8 46. Bxa5 Ra7 47. b4 Ng3 48. Re1 g5 (48... Rb8 $16) 49. fxg5 $18 Rxg5 50. Ka4 f5 51. Rf3 Ke8 $2 (51... Rg8 52. Re6 Rc8) 52. Kb5 Kd7 {[#]} 53. c5 $1 {[%cal Rc5c6]} dxc5 54. bxc5 {[%cal Bb4c5,Bc5c6][%mdl 32]} Ne4 55. Bb4 Ra2 56. c6+ Kd8 (56... Kc7 $142 57. Bxe7 Rb2+ 58. Kc4 Rg7) 57. Kb6 {Rxe4! is the strong threat.} Ke8 {[#] Now ...Rb2 and Black clings on.} 58. Rxf5 $3 {[%mdl 512]} Rxf5 59. Rxe4 {White mates.} Rf7 60. d6 {[%cal Bd5d6,Bd6d7][%mdl 32]} Rc2 61. d7+ Kd8 62. Kb7 {Precision: White = 73%, Black = 53%.} (62. Ba5 $142 Rf5 63. Rxh4 Rb2+ 64. Ka6+ Rxa5+ 65. Kxa5 Ra2+ 66. Kb4 Kc7 67. Rh8) 1-0

[Event "3rd Sharjah Masters 2019"]
[Site "Sharjah"]
[Date "2019.03.29"]
[Round "8.13"]
[White "Pichot, Alan"]
[Black "Nigmatov, Ortik"]
[Result "1-0"]
[WhiteElo "2584"]
[BlackElo "2478"]
[Annotator "TA"]
[PlyCount "57"]
[EventDate "2019.03.22"]
[EventType "swiss"]
[EventCountry "UAE"]
[SourceTitle "playchess.com"]
[Source "ChessBase"]
[SourceQuality "1"]

{[%evp 9,57,-6,27,2,43,47,53,43,38,47,45,45,60,42,73,83,75,83,106,106,119,116,156,142,156,145,177,185,194,181,195,185,210,183,250,259,292,254,378,373,380,372,345,369,362,329,742,606,583,500]} 1. d4 Nf6 2. Nf3 e6 3. c4 d5 4. g3 Bb4+ 5. Bd2 Bd6 (5... Be7 6. Bg2 O-O 7. O-O c6 8. Qc2 Nbd7 9. Bf4 b6 10. Rd1 Ba6 11. cxd5 cxd5 12. Ne5 Nxe5 13. dxe5 Ng4 14. Bf3 f5 15. exf6 Nxf6 16. Qa4 Bb7 17. Nd2 Qe8 18. Qxe8 Rfxe8 {½-½ (29) Giri,A (2783)-Ding,L (2813) Wijk aan Zee 2019}) 6. Nc3 {E01: Catalan: Early deviations} c6 7. Qc2 Nbd7 8. e4 {White is slightly better.} dxe4 9. Nxe4 Nxe4 10. Qxe4 Nf6 11. Qe2 c5 $146 ({Predecessor:} 11... O-O 12. Bg2 b6 {1-0 (27) Iturrizaga Bonelli,E (2637)-Azarov,S (2575) chess.com INT 2019}) 12. dxc5 Bxc5 13. b4 Be7 14. Bg2 O-O 15. O-O Nd7 16. Rfd1 Bf6 17. Rab1 Qe7 18. Be3 a5 19. a3 {[%cal Ba2a3,Ba3b4,Bb4b5,Bb5b6,Bb6b7][%mdl 32]} axb4 20. axb4 Re8 21. Nd2 Be5 {[#]} (21... Ra2 {keeps fighting.} 22. Qd3 Ra6) 22. c5 $1 $18 Bc7 23. Ne4 e5 (23... f6 {is a better defense.} 24. Nd6 Bxd6) 24. b5 Nf8 25. b6 Bb8 {[#]} 26. c6 $1 {[%mdl 512]} bxc6 27. Bc5 Ba6 $2 (27... Qb7 28. Bxf8 Rxf8) 28. Qc2 Qe6 29. b7 {Accuracy: White = 85%, Black = 16%.} 1-0

[Event "3rd Sharjah Masters 2019"]
[Site "Sharjah"]
[Date "2019.03.29"]
[Round "8.14"]
[White "Asgarizadeh, Ahmad"]
[Black "Nihal, Sarin"]
[Result "1/2-1/2"]
[WhiteElo "2434"]
[BlackElo "2578"]
[Annotator "TA"]
[PlyCount "61"]
[EventDate "2019.03.22"]
[EventType "swiss"]
[EventCountry "UAE"]
[SourceTitle "playchess.com"]
[Source "ChessBase"]
[SourceQuality "1"]

{[%evp 28,61,54,47,69,42,48,25,68,39,52,45,53,32,79,85,80,65,70,65,76,53,66,48,57,47,47,45,50,50,44,0,46,0,48,0]} 1. e4 c5 2. Nf3 Nc6 3. d4 cxd4 4. Nxd4 g6 5. c4 Bg7 6. Be3 Nf6 7. Nc3 d6 8. Be2 O-O 9. O-O Nxd4 10. Bxd4 Bd7 11. Qd2 Bc6 12. f3 a5 13. b3 Nd7 14. Be3 Nc5 15. Rac1 e6 {B38: Sicilian: Maroczy Bind with 5...Bg7 and 7...0-0} 16. Rfd1 Be5 17. Bf1 (17. Rc2 Qe7 18. Nb5 Qh4 19. g3 Bxg3 20. hxg3 Qxg3+ 21. Kf1 Nxe4 22. Qd3 f5 23. Nd4 f4 24. Nxc6 fxe3 25. Qxe3 Rf4 26. Nd4 Rh4 27. Qg1 Rh1 {0-1 (27) Lupulescu,C (2618)-Iturrizaga Bonelli,E (2650) Baku 2016}) 17... Qe7 {White has an edge.} 18. Ne2 b6 19. Re1 $146 ({Predecessor:} 19. Nf4 Rad8 20. Nd3 Bg7 21. Kh1 Rd7 22. Qe1 Ra8 23. Qg3 Rad8 {½-½ (23) Matlak,M (2430)-Nielsen,P (2505) Cappelle-la-Grande 1998}) 19... Rad8 20. Nd4 Qc7 21. Nxc6 Qxc6 22. Rcd1 Rfe8 23. Bf2 Bg7 24. Qc2 h5 25. a3 e5 26. Rd5 Ne6 27. Be3 Nc7 28. Rdd1 Ne6 29. Rd5 Nc7 $1 30. Rdd1 Ne6 31. Rd5 {Accuracy: White = 24%, Black = 34%.} 1/2-1/2